00381nam a2200121Ia 4500008004100000041000800041082001200049100001900061245002600080260002900106999001900135952010500154231212s1984 xx 000 0 und d aeng a621.381 aBharagava M.N. aBasic Electronics And aNew DelhibTata Mcc1984 c959181d959181 00104070aITMbITMd2023-12-13g57.00l0o621.381pITM-P-2033r2023-12-13 00:00:00w2023-12-13yBK